Diy Financial Advisor: A Simple Solution to Build and Protect Your Wealth. (Record no. 505)

MARC details
005 - DATE AND TIME OF LATEST TRANSACTION
control field 20250621113736.0
020 ## - INTERNATIONAL STANDARD BOOK NUMBER
International Standard Book Number 978-1-119-07150-1
082 ## - DEWEY DECIMAL CLASSIFICATION NUMBER
Classification number 332.024 GRA
100 ## - MAIN ENTRY--PERSONAL NAME
Author name GRAY, W. R.
245 ## - TITLE STATEMENT
Title Diy Financial Advisor: A Simple Solution to Build and Protect Your Wealth.
260 ## - PUBLICATION, DISTRIBUTION, ETC.
Place of publication, distribution, etc. Hoboken,
Name of publisher, distributor, etc. John Wiley & Sons,Inc,
Date of publication, distribution, etc. 2015.
300 ## - PHYSICAL DESCRIPTION
Extent xii,207p.: ill.; figures, tables.
Other physical details Index
Dimensions 23cm
700 ## - ADDED ENTRY--PERSONAL NAME
Other authors/Editors JACK,R.V. [...et al...]
942 ## - ADDED ENTRY ELEMENTS (KOHA)
Source of classification or shelving scheme Dewey Decimal Classification
Koha item type Books
Holdings
Date last seen Total checkouts Full call number Barcode Cost, replacement price Price effective from Koha item type Lost status Source of classification or shelving scheme Damaged status Not for loan Withdrawn status Home library Current library Shelving location Date acquired Cost, normal purchase price
03/12/2025   332.024 GRA 0000002090 75000.00 03/12/2025 Books   Dewey Decimal Classification       College of Business Education Main Library College of Business Education Main Library General Collection 03/12/2025 25000.00
03/12/2025   332.024 GRA 0000002091 75000.00 03/12/2025 Books   Dewey Decimal Classification       College of Business Education Main Library College of Business Education Main Library General Collection 03/12/2025 25000.00
03/12/2025   332.024 GRA 0000002092 75000.00 03/12/2025 Books   Dewey Decimal Classification       College of Business Education Main Library College of Business Education Main Library General Collection 03/12/2025 25000.00